[Event "IX Festival A"]
[Site "Salsomaggiore Terme ITA"]
[Date "2005.05.22"]
[Round "6"]
[White "Jurkovic, Ante"]
[Black "Giretti Kanev, Jasen"]
[Result "0-1"]
[WhiteElo "2336"]
[BlackElo "2166"]
[PlyCount "90"]
[EventDate "2005.05.20"]

1. e4 e6 2. d4 d5 3. exd5 exd5 4. c4 Nf6 5. Nc3 c6 6. Nf3 Be7 7. Be2 O-O 8. O-O
h6 9. Re1 Be6 10. Qb3 Qb6 11. Bf4 Qxb3 12. axb3 Bb4 13. Bd3 Nbd7 14. h3 Rfd8
15. Re2 dxc4 16. bxc4 Nc5 17. dxc5 Bxc3 18. Bd6 Bb4 19. Ne5 Ne8 20. Be7 Rdc8
21. Bc2 Rc7 22. Nd3 Bxc4 23. Re4 Bxd3 24. Bxd3 a5 25. Bh4 Bxc5 26. Rxa5 Rxa5
27. Rxe8+ Bf8 28. g4 g5 29. Bg3 Re7 30. Rb8 Kg7 31. Kg2 Rd5 32. Bf5 h5 33. h4
hxg4 34. Bxg4 gxh4 35. Bxh4 Re4 36. Kh3 Rd3+ 37. Bg3 Rb4 38. Bf5 Rd5 39. Bg4
Bd6 40. Rc8 Bxg3 41. fxg3 Rxb2 42. Rc7 Kg6 43. Bc8 Rdd2 44. Kg4 Rd4+ 45. Kh3 f5
0-1

[Event "IX Festival A"]
[Site "Salsomaggiore Terme ITA"]
[Date "2005.05.22"]
[Round "6"]
[White "Losi, Renzo"]
[Black "Dvirnyy, Danyyil"]
[Result "0-1"]
[WhiteElo "1901"]
[BlackElo "2120"]
[PlyCount "100"]
[EventDate "2005.05.20"]

1. e4 c5 2. Nf3 d6 3. d4 cxd4 4. c3 Nf6 5. Qxd4 Nc6 6. Bb5 Bd7 7. Qd3 g6 8. O-O
Bg7 9. Nbd2 O-O 10. Rd1 a6 11. Bc4 Rc8 12. Bb3 Na5 13. Bc2 Bb5 14. Qe3 Bd7 15.
Bd3 b5 16. a4 Nc4 17. Qe2 Qc7 18. Nxc4 bxc4 19. Bc2 Rfd8 20. a5 e5 21. Be3 Re8
22. Qd2 Bf8 23. Ne1 Bc6 24. f3 d5 25. Bg5 Re6 26. Bxf6 Rxf6 27. exd5 Rd6 28.
Qe2 Bxd5 29. Qxe5 Ba8 30. Qe2 Re6 31. Qd2 Rce8 32. Ba4 Bc6 33. Bxc6 Qxc6 34.
Nc2 Re2 35. Qc1 Rxg2+ 36. Kxg2 Re2+ 37. Kg3 Bd6+ 38. Rxd6 Qxd6+ 39. Qf4 Rg2+
40. Kxg2 Qxf4 41. Rd1 Qg5+ 42. Kf2 Qxa5 43. Nb4 Qb6+ 44. Kg3 a5 45. Nd5 Qxb2
46. Rd4 a4 47. Rxc4 a3 48. Rb4 Qd2 49. c4 a2 50. Ra4 Qe1+ 0-1

[Event "IX Festival A"]
[Site "Salsomaggiore Terme ITA"]
[Date "2005.05.22"]
[Round "6"]
[White "Luciani, Valerio"]
[Black "Sciortino, Massimo"]
[Result "1-0"]
[WhiteElo "2241"]
[BlackElo "2306"]
[PlyCount "71"]
[EventDate "2005.05.20"]

1. d4 f5 2. g3 e6 3. Bg2 Nf6 4. c4 Bb4+ 5. Bd2 a5 6. Nf3 Ne4 7. O-O O-O 8. a3
Be7 9. Nc3 Nxd2 10. Qxd2 d6 11. e4 fxe4 12. Nxe4 a4 13. Rfe1 Nc6 14. Rad1 e5
15. dxe5 Rxf3 16. exd6 Bg4 17. dxe7 Qxe7 18. Ng5 Rd3 19. Qxd3 Qxg5 20. Qd5+
Qxd5 21. Bxd5+ Kf8 22. f3 Bf5 23. Bxc6 bxc6 24. Re5 Bc2 25. Rd2 Bb3 26. Rc5 Ra6
27. Rd7 Rb6 28. Rxc7 Bc2 29. R7xc6 Rxb2 30. Rb5 Ra2 31. Rc7 Bg6 32. Rb8+ Be8
33. Rcc8 Re2 34. Rxe8+ Rxe8 35. Rxe8+ Kxe8 36. Kf2 1-0

[Event "IX Festival A"]
[Site "Salsomaggiore Terme ITA"]
[Date "2005.05.22"]
[Round "6"]
[White "Magrini, Fabrizio"]
[Black "Tomelleri, Alessio"]
[Result "1-0"]
[WhiteElo "1856"]
[BlackElo "2047"]
[PlyCount "51"]
[EventDate "2005.05.20"]

1. e4 e5 2. Nf3 Nf6 3. Nxe5 d6 4. Nf3 Nxe4 5. d4 d5 6. Bd3 Nc6 7. O-O Be7 8. c4
Nb4 9. Be2 O-O 10. Nc3 Bf5 11. a3 Nxc3 12. bxc3 Nc6 13. cxd5 Qxd5 14. Re1 Bf6
15. Bf4 Qa5 16. Qb3 Rab8 17. Bc4 b5 18. Bd5 Qb6 19. a4 Na5 20. Qxb5 Qxb5 21.
axb5 Rxb5 22. c4 Rxd5 23. cxd5 Nb3 24. Rxa7 Nxd4 25. Nxd4 Bxd4 26. Rxc7 1-0

[Event "IX Festival A"]
[Site "Salsomaggiore Terme ITA"]
[Date "2005.05.22"]
[Round "6"]
[White "Martinez, Rolly"]
[Black "Salvador, Roland"]
[Result "1/2-1/2"]
[WhiteElo "2414"]
[BlackElo "2360"]
[PlyCount "39"]
[EventDate "2005.05.20"]

1. c4 Nf6 2. Nc3 g6 3. d4 Bg7 4. e4 d6 5. Nf3 O-O 6. Be2 Nc6 7. O-O e5 8. d5
Ne7 9. Ne1 h6 10. Nd3 c5 11. dxc6 bxc6 12. Be3 Qc7 13. Qd2 Kh7 14. b4 Rd8 15.
Rfc1 Be6 16. Nd5 cxd5 17. cxd5 Qb7 18. dxe6 fxe6 19. f3 Rac8 20. a4 1/2-1/2

[Event "IX Festival A"]
[Site "Salsomaggiore Terme ITA"]
[Date "2005.05.22"]
[Round "6"]
[White "Mrdja, Milan"]
[Black "Efimov, Igor"]
[Result "1/2-1/2"]
[WhiteElo "2373"]
[BlackElo "2458"]
[PlyCount "94"]
[EventDate "2005.05.20"]

1. e4 c6 2. d4 d5 3. Nc3 dxe4 4. Nxe4 Nf6 5. Nxf6+ gxf6 6. c3 Qd5 7. Ne2 Bf5 8.
Be3 Nd7 9. h4 e5 10. Ng3 Be6 11. Be2 Nb6 12. O-O O-O-O 13. a4 Rg8 14. Bf3 Qd7
15. dxe5 Qc7 16. Qc2 Nc4 17. Bc1 Nxe5 18. Be4 Bc5 19. Nf5 Kb8 20. Kh1 Bc4 21.
Bf4 Rg4 22. Bg3 Bxf1 23. Rxf1 Qd7 24. Qe2 Rgg8 25. b4 Bb6 26. Bxe5+ fxe5 27. a5
Bc7 28. a6 Qd2 29. Qc4 Rg4 30. g3 Qc2 31. f3 Rxe4 32. Qxe4 Rd2 33. Qxc2 Rxc2
34. axb7 Rxc3 35. Kg2 Kxb7 36. Rd1 Rb3 37. Nd6+ Kb6 38. Nxf7 Rxb4 39. h5 e4 40.
f4 Rb2+ 41. Kh3 e3 42. Re1 e2 43. Kg4 a5 44. Ne5 Bxe5 45. fxe5 a4 46. Kf5 Kc7
47. Kf6 Kd8 1/2-1/2

[Event "IX Festival A"]
[Site "Salsomaggiore Terme ITA"]
[Date "2005.05.22"]
[Round "6"]
[White "Muraro, Alberto"]
[Black "Fieschi, Lorenzo"]
[Result "0-1"]
[WhiteElo "2057"]
[BlackElo "2000"]
[PlyCount "98"]
[EventDate "2005.05.20"]

1. e4 d5 2. exd5 Qxd5 3. Nc3 Qa5 4. Nf3 Nf6 5. Bc4 c6 6. O-O Bf5 7. d4 e6 8.
Bf4 Nbd7 9. Ne5 Nxe5 10. dxe5 Nd5 11. Nxd5 cxd5 12. Bd3 Bg6 13. c4 O-O-O 14.
Bg5 Rd7 15. cxd5 Rxd5 16. Rc1+ Kb8 17. Qc2 Bc5 18. Bxg6 hxg6 19. b4 Bxb4 20. a3
Bd2 21. Be7 Bxc1 22. Rxc1 Qb6 23. Bd6+ Rxd6 24. exd6 Qxd6 25. g3 Rd8 26. Qe4 e5
27. Re1 f6 28. Qxg6 Qc7 29. h4 a6 30. h5 Rd6 31. g4 Qd7 32. Re4 Rd4 33. g5 Rxe4
34. Qxe4 Qd1+ 35. Kg2 Qxh5 36. g6 Qg5+ 37. Kh3 Qf4 38. Qc2 f5 39. Qc5 Qh6+ 40.
Kg2 Qxg6+ 41. Kf1 Qf6 42. a4 g5 43. a5 e4 44. Kg2 f4 45. Qd5 g4 46. Qg8+ Ka7
47. Qxg4 Qe5 48. Kh3 e3 49. fxe3 Qxe3+ 0-1

[Event "IX Festival A"]
[Site "Salsomaggiore Terme ITA"]
[Date "2005.05.22"]
[Round "6"]
[White "Mussap, Angelo"]
[Black "Prati, Alessandro"]
[Result "1-0"]
[WhiteElo "2115"]
[BlackElo "1808"]
[PlyCount "70"]
[EventDate "2005.05.20"]

1. d4 Nf6 2. c4 e6 3. Nc3 d5 4. Nf3 Be7 5. Bf4 c6 6. c5 Nbd7 7. e3 O-O 8. h3 b6
9. cxb6 axb6 10. Bd3 c5 11. O-O Ba6 12. Bb5 Bxb5 13. Nxb5 Ne4 14. a4 cxd4 15.
Nfxd4 Rc8 16. Na7 Rc4 17. f3 Nef6 18. b3 Rc5 19. Nac6 Qe8 20. Nxe7+ Qxe7 21.
Nb5 e5 22. Bg3 Rfc8 23. Rf2 h6 24. Rd2 Qe6 25. Kh2 Nh5 26. Bf2 Nhf6 27. Rb1 Nb8
28. b4 Rc4 29. Na3 Rc3 30. Rb3 Rc1 31. Qe2 d4 32. Rdb2 dxe3 33. Qxe3 Ra1 34.
Rc2 Rxc2 35. Nxc2 Nd5 1-0

[Event "IX Festival A"]
[Site "Salsomaggiore Terme ITA"]
[Date "2005.05.22"]
[Round "6"]
[White "Panizzi, Giuseppe"]
[Black "Molina, Fabrizio"]
[Result "0-1"]
[WhiteElo "2130"]
[BlackElo "2257"]
[PlyCount "109"]
[EventDate "2005.05.20"]

1. Nf3 c5 2. c4 Nc6 3. Nc3 g6 4. g3 Bg7 5. Bg2 e5 6. O-O Nge7 7. d3 O-O 8. Bg5
h6 9. Bd2 d6 10. h3 Be6 11. Kh2 Qd7 12. Rb1 f5 13. Ng1 Kh7 14. a3 Rae8 15. Nd5
Bg8 16. Nxe7 Nxe7 17. b4 b6 18. Qc2 Rc8 19. bxc5 dxc5 20. Bc3 Qd6 21. f4 exf4
22. Rxf4 g5 23. Rff1 Ng6 24. Bxg7 Kxg7 25. Nf3 Rce8 26. e4 fxe4 27. dxe4 Qe6
28. Qc3+ Kh7 29. Rbc1 Ne5 30. Nxe5 Rxf1 31. Bxf1 Qxe5 32. Qxe5 Rxe5 33. Kg2 Kg7
34. Kf3 Bh7 35. Bd3 Kf6 36. Ke3 Ke7 37. h4 Re6 38. Rh1 Bg6 39. hxg5 hxg5 40.
Rh8 Kf6 41. Rd8 Re8 42. Rd6+ Kf7 43. Rd5 Rh8 44. Rd7+ Ke6 45. Rxa7 Rh3 46. Kf3
Rh2 47. Rg7 Kf6 48. Rd7 Bh5+ 49. Ke3 Rg2 50. Rd6+ Ke5 51. Rd5+ Kf6 52. e5+ Ke6
53. Rd6+ Kxe5 54. Rd5+ Kf6 55. Rf5+ {...} 0-1

[Event "IX Festival A"]
[Site "Salsomaggiore Terme ITA"]
[Date "2005.05.22"]
[Round "6"]
[White "Pegoraro, Nicola"]
[Black "Bocci, Alessandro"]
[Result "1-0"]
[WhiteElo "2082"]
[BlackElo "1793"]
[PlyCount "62"]
[EventDate "2005.05.20"]

1. e4 c5 2. Nf3 Nc6 3. d4 cxd4 4. Nxd4 Qc7 5. Be2 e6 6. O-O a6 7. Be3 Nf6 8.
Nc3 Bb4 9. Nxc6 bxc6 10. Qd4 Rb8 11. e5 Nd5 12. Nxd5 cxd5 13. Bd3 Be7 14. Qg4
g6 15. b3 Rb4 16. Bd4 Bc5 17. c3 Bxd4 18. cxd4 Qxe5 19. Rac1 Ke7 20. dxe5 Rxg4
21. Rc7 Rd4 22. Bb1 Rb4 23. Rfc1 Rb8 24. Ra7 Bb7 25. Rc7 Bc6 26. Rxc6 Rbc8 27.
Rcc7 Ra8 28. Rxd7+ Ke8 29. Re7+ Kf8 30. Rxf7+ Ke8 31. Rfe7+ Kf8 1-0

[Event "IX Festival A"]
[Site "Salsomaggiore Terme ITA"]
[Date "2005.05.22"]
[Round "6"]
[White "Ranola, Yves"]
[Black "Aldrovandi, Costantino"]
[Result "1-0"]
[WhiteElo "2467"]
[BlackElo "2246"]
[PlyCount "81"]
[EventDate "2005.05.20"]

1. c4 Nf6 2. g3 g6 3. Bg2 Bg7 4. Nc3 O-O 5. d3 c5 6. Bg5 Nc6 7. Qd2 a6 8. Bxf6
exf6 9. e3 b5 10. Nge2 Rb8 11. Rc1 Ne5 12. Nd5 bxc4 13. O-O cxd3 14. Nef4 c4
15. b3 f5 16. bxc4 Rb2 17. Qxb2 Nf3+ 18. Bxf3 Bxb2 19. Rb1 Be5 20. Nxd3 Bc7 21.
Rfd1 Kg7 22. c5 a5 23. Ne1 Re8 24. Nc2 Ba6 25. a4 h5 26. Na3 Re6 27. Nb5 Be5
28. Nb6 d6 29. Nc4 Qc8 30. c6 h4 31. Bd5 Re7 32. Bf3 d5 33. Bxd5 Bc7 34. Bf3
Qe6 35. Ncd6 Kh6 36. Bd5 Qf6 37. Nxc7 Be2 38. Nce8 Qe5 39. Rd2 f4 40. gxf4 Qh5
41. Nf6 1-0

[Event "IX Festival A"]
[Site "Salsomaggiore Terme ITA"]
[Date "2005.05.22"]
[Round "6"]
[White "Rezzuti, Vincenzo"]
[Black "Annoni, Riccardo"]
[Result "1-0"]
[WhiteElo "1862"]
[BlackElo "2071"]
[PlyCount "67"]
[EventDate "2005.05.20"]

1. e4 c5 2. d4 cxd4 3. c3 Nf6 4. e5 Nd5 5. Nf3 e6 6. Bc4 Nb6 7. Bd3 Nc6 8. O-O
d5 9. cxd4 Bd7 10. Nc3 Be7 11. Be3 Nb4 12. Bb1 Nc4 13. Qe2 Rc8 14. a3 Nc6 15.
Bd3 N6a5 16. Na2 Nb3 17. Rab1 Qa5 18. Nc1 Ba4 19. Nxb3 Bxb3 20. Nd2 Nxd2 21.
Bxd2 Qb6 22. Bb5+ Kf8 23. Rbc1 Rd8 24. Be3 a6 25. Bd3 h6 26. f4 g6 27. g4 f5
28. Rc3 Ba4 29. Kh1 Kg7 30. gxf5 gxf5 31. Rg1+ Kh7 32. Qh5 Be8 33. Rc7 Qxc7 34.
Bxf5+ 1-0

[Event "IX Festival A"]
[Site "Salsomaggiore Terme ITA"]
[Date "2005.05.22"]
[Round "6"]
[White "Salami, Marco"]
[Black "Scalcione, Michelangelo"]
[Result "0-1"]
[WhiteElo "2206"]
[BlackElo "2242"]
[PlyCount "56"]
[EventDate "2005.05.20"]

1. e4 e5 2. f4 exf4 3. Nf3 d5 4. exd5 Nf6 5. Bc4 Nxd5 6. Bxd5 Qxd5 7. Nc3 Qf5
8. Qe2+ Be7 9. d4 Nc6 10. d5 Nb4 11. Nd4 Qf6 12. d6 Qxd6 13. Ndb5 Qc5 14. Bxf4
O-O 15. a3 Nc6 16. O-O-O Be6 17. Nxc7 Bc4 18. Qg4 Rac8 19. N7d5 Bxd5 20. Rxd5
Qc4 21. Re1 Bxa3 22. Qg3 Ne7 23. Be5 f6 24. Re4 Qc6 25. Rd3 Nf5 26. Qh3 fxe5
27. bxa3 Nd4 28. Rg3 Qxe4 0-1

[Event "IX Festival A"]
[Site "Salsomaggiore Terme ITA"]
[Date "2005.05.22"]
[Round "6"]
[White "Salati, Paolo"]
[Black "Muha, Zdravko"]
[Result "1-0"]
[WhiteElo "1949"]
[BlackElo "2127"]
[PlyCount "63"]
[EventDate "2005.05.20"]

1. e4 g5 2. d4 Bg7 3. Nc3 e5 4. d5 d6 5. h3 f5 6. Qh5+ Kf8 7. Bxg5 Nf6 8. Be2
fxe4 9. Nxe4 Qe8 10. Nxf6 Qxh5 11. Bxh5 Bf5 12. Nf3 Nd7 13. Nxd7+ Bxd7 14. O-O
e4 15. Nd2 Bxb2 16. Rab1 Be5 17. Rxb7 Rg8 18. Nxe4 Bf5 19. Rxc7 Bxe4 20. Rf7+
Ke8 21. Rxa7+ Kf8 22. Rxa8+ Kg7 23. Rxg8+ Kxg8 24. c4 Bd3 25. Re1 Bxc4 26. Rxe5
dxe5 27. d6 Be6 28. a4 Kf8 29. a5 Bc8 30. a6 Bd7 31. a7 Bc6 32. d7 1-0

[Event "IX Festival A"]
[Site "Salsomaggiore Terme ITA"]
[Date "2005.05.22"]
[Round "6"]
[White "Santurbano, Maria Vincenza"]
[Black "Cenci, Federico"]
[Result "1/2-1/2"]
[WhiteElo "2043"]
[BlackElo "1712"]
[PlyCount "39"]
[EventDate "2005.05.20"]

1. e4 c5 2. Nf3 e6 3. d4 cxd4 4. Nxd4 a6 5. c4 Nf6 6. Nc3 Bb4 7. Bg5 h6 8. Bxf6
Qxf6 9. Rc1 Nc6 10. Nxc6 dxc6 11. Be2 O-O 12. O-O e5 13. Nb1 Qe7 14. a3 Bc5 15.
b4 Bd4 16. Qc2 f5 17. Bd3 fxe4 18. Bxe4 Be6 19. Nd2 Rf6 20. Nf3 1/2-1/2

[Event "IX Festival A"]
[Site "Salsomaggiore Terme ITA"]
[Date "2005.05.22"]
[Round "6"]
[White "Tamburini, Lorenzo"]
[Black "Giannetta, Paolo"]
[Result "1/2-1/2"]
[WhiteElo "2075"]
[BlackElo "2045"]
[PlyCount "51"]
[EventDate "2005.05.20"]

1. e4 d5 2. exd5 Qxd5 3. Nc3 Qa5 4. d4 c6 5. Bc4 Nf6 6. Nge2 Bg4 7. O-O e6 8.
Bf4 Nbd7 9. a3 b5 10. Bd3 Be7 11. f3 Bh5 12. Bg3 O-O 13. Nf4 Bg6 14. Nxg6 hxg6
15. h3 Nh5 16. Bh2 Qb6 17. Be2 e5 18. Re1 Bh4 19. Rf1 exd4 20. Kh1 dxc3 21.
Qxd7 cxb2 22. Rab1 Ng3+ 23. Bxg3 Bxg3 24. Rxb2 Rad8 25. Qg4 Be5 26. Rb3 1/2-1/2

[Event "IX Festival A"]
[Site "Salsomaggiore Terme ITA"]
[Date "2005.05.22"]
[Round "6"]
[White "Tomba, Patrizia"]
[Black "Garofalo, Sergio"]
[Result "0-1"]
[WhiteElo "1670"]
[BlackElo "1903"]
[PlyCount "44"]
[EventDate "2005.05.20"]

1. e4 d5 2. exd5 Nf6 3. c4 e6 4. dxe6 Bxe6 5. Nf3 Nc6 6. Be2 Bc5 7. O-O O-O 8.
Nc3 a6 9. d3 Nd4 10. Bg5 Re8 11. Re1 Bf5 12. Nxd4 Bxd4 13. Qb3 h6 14. Bh4 g5
15. Bg3 h5 16. h4 gxh4 17. Bxh4 Qd6 18. Bxf6 Qxf6 19. Nd5 Qh4 20. Ne3 Rxe3 21.
Qxb7 Qxf2+ 22. Kxf2 Rh3+ 0-1

[Event "II Mitropa Cup femminile"]
[Site "Steinbrunn AUT"]
[Date "2005.05.25"]
[Round "5.1"]
[White "Ambrosi, Eleonora"]
[Black "Shmirina, Evgenija"]
[Result "1-0"]
[WhiteElo "2125"]
[BlackElo "2176"]
[Annotator "ITA-GER"]
[PlyCount "94"]
[EventDate "2005.05.21"]

1. d4 d5 2. c4 e6 3. g3 f5 4. Bg2 c6 5. Nh3 Nf6 6. O-O Bd6 7. Bf4 Be7 8. Qc2
O-O 9. Nd2 Ne4 10. f3 Nxd2 11. Qxd2 dxc4 12. e4 c5 13. d5 exd5 14. exd5 Bd6 15.
Rfc1 Na6 16. Bf1 Nc7 17. a4 b6 18. Bxc4 Bb7 19. Ng5 Qd7 20. Ne6 Rf7 21. Re1 Kh8
22. Nxc7 Qxc7 23. Bxd6 Qxd6 24. Re6 Qd7 25. Qd3 Rd8 26. d6 Rff8 27. Rae1 Bc6
28. b3 h6 29. Qc3 Rf7 30. Rxh6+ Kg8 31. Bxf7+ Qxf7 32. Re7 gxh6 33. Rxf7 Kxf7
34. Qe5 Rd7 35. Qxf5+ Kg7 36. Qe6 Rf7 37. f4 Bd7 38. Qd5 Kg6 39. Kf2 Kg7 40.
Kf3 Rf5 41. Qe4 Rf7 42. g4 Bc8 43. Qe5+ Kg6 44. h4 Bd7 45. h5+ Kh7 46. Qe4+ Kh8
47. Qg6 Rh7 1-0

[Event "II Mitropa Cup femminile"]
[Site "Steinbrunn AUT"]
[Date "2005.05.25"]
[Round "5.2"]
[White "Jussupow, Ekaterina"]
[Black "Brunello, Roberta"]
[Result "1-0"]
[WhiteElo "2008"]
[BlackElo "1811"]
[Annotator "ITA-GER"]
[PlyCount "116"]
[EventDate "2005.05.21"]

1. d4 d5 2. c4 e6 3. Nc3 Nf6 4. cxd5 exd5 5. Bg5 Nbd7 6. e3 Be7 7. Qc2 c6 8.
Bd3 O-O 9. Nf3 Re8 10. h3 Nf8 11. Bf4 Ng6 12. Bh2 Bd6 13. Bxd6 Qxd6 14. O-O Be6
15. a3 a5 16. Na4 Nd7 17. Rfc1 Qe7 18. b4 axb4 19. axb4 Qf6 20. Qd1 Nh4 21.
Nxh4 Qxh4 22. Qf3 Rf8 23. b5 Rac8 24. bxc6 bxc6 25. Nc5 Nxc5 26. Rxc5 f5 27.
Ra7 f4 28. e4 Qd8 29. e5 Kh8 30. Qh5 Bg8 31. Bf5 Rc7 32. Ra6 f3 33. g3 Qb8 34.
Qg5 Qb2 35. Ra4 Qb3 36. Bc2 Qb6 37. Qe3 Ra7 38. Rxa7 Qxa7 39. Bd1 Be6 40. g4
Qa1 41. Rc1 Qa6 42. Bxf3 Rb8 43. Be2 Qa4 44. Qc3 Bd7 45. Qc5 Kg8 46. Qd6 Rb7
47. e6 Be8 48. Qc5 Rb4 49. Bd1 Qb5 50. Qe7 Qb8 51. Bc2 Rb7 52. Qh4 g6 53. Ba4
Qc8 54. Qf6 Rb6 55. e7 Bd7 56. Rc3 Qe8 57. Rf3 Rb8 58. Qd6 Bc8 1-0

[Event "XXIV Mitropa Cup"]
[Site "Steinbrunn AUT"]
[Date "2005.05.23"]
[Round "3.2"]
[White "Brkic, Ante"]
[Black "Piscopo, Pierluigi"]
[Result "1-0"]
[WhiteElo "2477"]
[BlackElo "2353"]
[Annotator "ITA-CRO"]
[PlyCount "43"]
[EventDate "2005.05.21"]

1. e4 c5 2. Nf3 e6 3. d4 cxd4 4. Nxd4 Nf6 5. Nc3 Nc6 6. Nxc6 bxc6 7. e5 Nd5 8.
Ne4 Qc7 9. f4 Rb8 10. Bd3 c5 11. c4 Nb4 12. Bb1 Be7 13. b3 O-O 14. Qh5 g6 15.
Qh6 f5 16. exf6 Bxf6 17. Nxf6+ Rxf6 18. Bb2 Rf7 19. Bxg6 Re7 20. Bxh7+ Rxh7 21.
Qg6+ Kf8 22. Qxh7 1-0

[Event "XXIV Mitropa Cup"]
[Site "Steinbrunn AUT"]
[Date "2005.05.25"]
[Round "5.1"]
[White "Di Caro, Calogero"]
[Black "Braun, Arik"]
[Result "0-1"]
[WhiteElo "2370"]
[BlackElo "2469"]
[Annotator "ITA-GER"]
[PlyCount "102"]
[EventDate "2005.05.21"]

1. c4 c5 2. g3 Nc6 3. Bg2 g6 4. Nc3 Bg7 5. a3 d6 6. Rb1 Bd7 7. Nf3 Qc8 8. h3
Rb8 9. b4 Bxc3 10. dxc3 b6 11. e4 Nf6 12. Qe2 Be6 13. Ng5 h6 14. Nxe6 Qxe6 15.
O-O g5 16. f4 Rg8 17. e5 dxe5 18. fxe5 Nxe5 19. bxc5 Nxc4 20. Qf2 Nd7 21. Rd1
Nde5 22. Rb4 Rg6 23. Bd5 Qxh3 24. Rxc4 Rf6 25. Qg2 Qxg2+ 26. Kxg2 Nxc4 27. Bxc4
bxc5 28. Be3 Rb2+ 29. Rd2 Rxd2+ 30. Bxd2 Kd7 31. Be3 Kd6 32. a4 e6 33. a5 Rg6
34. g4 f5 35. Kf3 Rg7 36. a6 Rc7 37. Bf2 Rc8 38. Bb5 Rb8 39. c4 Rh8 40. Bg3+ f4
41. Be1 h5 42. Bc3 hxg4+ 43. Kxg4 Rh4+ 44. Kxg5 f3 45. Be1 Rh2 46. Bg3+ Ke7 47.
Bxh2 f2 48. Bb8 f1=Q 49. Bxa7 Qf5+ 50. Kh4 Qf4+ 51. Kh3 Qc7 0-1

[Event "XXIV Mitropa Cup"]
[Site "Steinbrunn AUT"]
[Date "2005.05.25"]
[Round "5.2"]
[White "Prusikin, Michael"]
[Black "Piscopo, Pierluigi"]
[Result "1/2-1/2"]
[WhiteElo "2540"]
[BlackElo "2353"]
[Annotator "ITA-GER"]
[PlyCount "46"]
[EventDate "2005.05.21"]

1. d4 Nf6 2. Nf3 g6 3. c4 Bg7 4. Nc3 O-O 5. e4 d6 6. Be2 e5 7. Be3 c6 8. O-O
exd4 9. Bxd4 Re8 10. Qc2 Bg4 11. Rad1 Nbd7 12. h3 Bxf3 13. Bxf3 Qe7 14. Rfe1
Ne5 15. Be2 c5 16. Be3 Nc6 17. Qc1 a6 18. b3 Qf8 19. Bd3 h6 20. Rd2 Rad8 21.
Red1 Nh7 22. Bb1 Ng5 23. Rd5 Ne6 1/2-1/2

[Event "XXIV Mitropa Cup"]
[Site "Steinbrunn AUT"]
[Date "2005.05.25"]
[Round "5.3"]
[White "Brunello, Sabino"]
[Black "Meier, Georg"]
[Result "1-0"]
[WhiteElo "2327"]
[BlackElo "2438"]
[Annotator "ITA-GER"]
[PlyCount "132"]
[EventDate "2005.05.21"]

1. e4 e6 2. d4 d5 3. e5 c5 4. c3 Nc6 5. Nf3 Qb6 6. a3 c4 7. Nbd2 f6 8. Be2 fxe5
9. Nxe5 Nxe5 10. dxe5 Bc5 11. O-O Ne7 12. b4 cxb3 13. Nxb3 O-O 14. Nxc5 Qxc5
15. a4 Qxc3 16. Ra3 Qxe5 17. Rh3 Bd7 18. Bd3 g6 19. Re1 Qf6 20. Qd2 e5 21. Rf3
Qd6 22. Rfe3 Nc6 23. Bc4 Be6 24. Ba3 Qd7 25. Ba2 Rfe8 26. f4 d4 27. Bxe6+ Qxe6
28. Re4 Qb3 29. Bc1 Qc3 30. Qa2+ Kg7 31. fxe5 Rxe5 32. Bd2 Qc5 33. Rxe5 Nxe5
34. Qe6 Nf7 35. Rc1 Qd6 36. Qe4 Qd7 37. Rb1 Rb8 38. Rb4 Re8 39. Qxb7 Qg4 40.
Rb1 Qe4 41. Qb2 Qd5 42. Be1 Nd6 43. Bf2 Nf5 44. Rc1 Re7 45. g4 Rb7 46. Qd2 Ne7
47. Bxd4+ Kg8 48. Qe3 Rb4 49. Rc8+ Kf7 50. Qf4+ Ke6 51. Qf6+ Kd7 52. Rc7+ Kxc7
53. Qxe7+ Qd7 54. Qc5+ Kd8 55. Bf6+ Ke8 56. Qxb4 Qd1+ 57. Kf2 Qc2+ 58. Ke3 Qc1+
59. Qd2 Qa3+ 60. Kf2 Kf7 61. Qf4 Qa2+ 62. Bb2+ Ke6 63. Qe5+ Kd7 64. Qd4+ Ke6
65. Kf3 Qb3+ 66. Qe3+ Kd5 1-0

[Event "XXIV Mitropa Cup"]
[Site "Steinbrunn AUT"]
[Date "2005.05.25"]
[Round "5.4"]
[White "Brener, Ilja"]
[Black "Lettieri, Giuseppe"]
[Result "0-1"]
[WhiteElo "2318"]
[BlackElo "2246"]
[Annotator "ITA-GER"]
[PlyCount "100"]
[EventDate "2005.05.21"]

1. d4 Nf6 2. c4 e6 3. Nc3 Bb4 4. e3 d5 5. Nf3 O-O 6. Bd3 c5 7. O-O Nc6 8. a3
Bxc3 9. bxc3 dxc4 10. Bxc4 Qc7 11. Bb2 e5 12. h3 e4 13. Nd2 Na5 14. Be2 b6 15.
f3 Nd5 16. fxe4 Nxe3 17. Qe1 Nxf1 18. Nxf1 cxd4 19. cxd4 Qc2 20. Bc3 Bb7 21. e5
Rac8 22. Bb4 Rfd8 23. Rd1 Qe4 24. Qf2 Rc2 25. Ng3 Qg6 26. Nf5 Qxg2+ 27. Qxg2
Bxg2 28. Bd3 Ra2 29. Bb1 Bf3 30. Bxa2 Bxd1 31. Ne7+ Kh8 32. Bxa5 Rxd4 33. Bb4
Bh5 34. Bd5 a5 35. Bd6 b5 36. Bc5 Rd3 37. h4 Rd2 38. Bg2 Rc2 39. Bd6 Rc4 40.
Bf1 Rg4+ 41. Kf2 b4 42. axb4 axb4 43. Nd5 b3 44. Nc3 Rxh4 45. Ba3 Bg6 46. Bg2
Rh5 47. Bd5 Bc2 48. e6 Rf5+ 49. Kg3 fxe6 50. Bxe6 Re5 0-1

[Event "Torneo Grandi Maestri"]
[Site "Frascati ITA"]
[Date "2005.05.21"]
[Round "1"]
[White "Corvi, Marco"]
[Black "Miladinovic, Igor"]
[Result "1-0"]
[WhiteElo "2325"]
[BlackElo "2604"]
[PlyCount "45"]
[EventDate "2005.05.21"]

1. c4 e5 2. Nc3 Nc6 3. Nf3 g6 4. d4 exd4 5. Nxd4 Bg7 6. Nxc6 dxc6 7. Qxd8+ Kxd8
8. Bg5+ Ke8 9. O-O-O Be6 10. e4 Nf6 11. Be2 Rc8 12. Rd2 Nd7 13. Nd5 h6 14. Be3
Ne5 15. Bd4 g5 16. Ne3 h5 17. g3 h4 18. f4 hxg3 19. Bxe5 f6 20. f5 fxe5 21.
fxe6 Bf8 22. Nf5 Bc5 23. Bf3 1-0

[Event "Torneo Grandi Maestri"]
[Site "Frascati ITA"]
[Date "2005.05.21"]
[Round "1"]
[White "Khenkin, Igor"]
[Black "Garcia Palermo, Carlos Horacio"]
[Result "1-0"]
[WhiteElo "2610"]
[BlackElo "2459"]
[PlyCount "85"]
[EventDate "2005.05.21"]

1. d4 Nf6 2. c4 e6 3. Nf3 b6 4. Nc3 Bb7 5. Bg5 Be7 6. e3 Ne4 7. Nxe4 Bxe4 8.
Bf4 d6 9. Bd3 Bxd3 10. Qxd3 Nd7 11. h4 h5 12. O-O-O Nf8 13. Ng5 f6 14. Ne4 Qd7
15. Nc3 Kf7 16. e4 Ng6 17. Be3 c5 18. d5 e5 19. g3 a6 20. a4 Bd8 21. Kc2 Qg4
22. Bd2 Ne7 23. f3 Qd7 24. f4 Ng8 25. Qf3 g6 26. Rdf1 Nh6 27. fxe5 dxe5 28.
Bxh6 Rxh6 29. Rhg1 Qh3 30. Rh1 Qd7 31. Rhg1 Qh3 32. d6 Qg4 33. Qd3 Ra7 34. a5
Rh8 35. Na4 b5 36. Nxc5 Bxa5 37. Qd5+ Kg7 38. Ne6+ Kh6 39. c5 Rf7 40. Rf2 Re8
41. Ng5 Rff8 42. Rgf1 Kg7 43. Qb7+ 1-0

[Event "Torneo Grandi Maestri"]
[Site "Frascati ITA"]
[Date "2005.05.21"]
[Round "1"]
[White "Rombaldoni, Denis"]
[Black "Ronchetti, Niccolo'"]
[Result "1-0"]
[WhiteElo "2336"]
[BlackElo "2364"]
[PlyCount "55"]
[EventDate "2005.05.21"]

1. c4 Nf6 2. d4 c6 3. Nf3 d5 4. e3 Bg4 5. Qb3 Qb6 6. Ne5 Bf5 7. Nd2 e6 8. cxd5
exd5 9. Bd3 Bxd3 10. Qxd3 Bd6 11. O-O O-O 12. b3 Qc7 13. Bb2 Nbd7 14. f4 Rfe8
15. Rf3 Ne4 16. Rh3 Nxd2 17. Qxh7+ Kf8 18. Rg3 Bxe5 19. fxe5 Ke7 20. Qh4+ Kf8
21. Qh7 Ke7 22. Rxg7 c5 23. Rd1 cxd4 24. Rxd2 Nxe5 25. exd4 Qb6 26. Rf2 Rh8 27.
Ba3+ Kd7 28. Qf5+ 1-0